000 00886nam a22002537a 4500
005 20170124103024.0
010 _aA-699929
020 _c35.00
_a8185478260
035 _aA-699929
037 _bCen Lib/Ret
040 _aDPL
_bHN
082 _a
_bशर्माअ
100 _aशर्मा, अचला
_961506
245 _aमध्यान्तर /
_cअचला शर्मा
246 _aMadhyantar /
_bby Achla Sharma
260 _aदिल्ली
_bज्ञान भारती
_c1993
270 _bदिल्ली
_a4/14, रूपनगर
_e110007
300 _a94पृ.
_c17सेमी (सजिल्द)
650 _aहिन्दी साहित्य
_961507
650 _aउपन्यास
_961508
650 _aHindi literature
_961509
650 _aFiction
_98901
942 _2ddc
_cHN
_h
_mशर्माअ
999 _c115455
_d115455